000 01835nam0a2200349 4500
001 RU\NLR\bibl\1005230
005 20260407135349.0
010 _a5-7057-1060-7
_97100
021 _aRU
_b2006-57121
_92825
021 _aRU
_b2007-17217
_9917
035 _a(NLR Aleph) 000992893
090 _a530056
_c530056
100 _a20061109d2007 |||y0rusy50 ca
101 0 _arus
102 _aRU
105 _aa |||||||||
200 1 _aОбществознание
_e11 класс
_eпоурочные планы по учебнику "Человек и общество" Л.Н. Боголюбова, А.Ю. Лазебниковой, Л.Ф. Ивановой
_fизд-во "Учитель"
_gавт.-сост. С.Н. Степанько
210 _aВолгоград
_cУчитель
_d2007
215 _a183 с.
_cсхем.
_d22
225 1 _aДля преподавателей
320 _aБиблиогр.: с. 182 (13 назв.)
422 0 _12001#$aЧеловек и общество$bучебное пособие по естествознанию для учащихся 10-11 классов общеобразовательных учреждений$fБоголюбов Л.Н. [и др.]
_1701#1$3RU\NLR\auth\772171$aБоголюбов$bЛ. Н.$f1930-$gЛеонид Наумович$4070
_tЧеловек и общество
606 1 _aОбществоведение
_xУроки
_xПланы
_xСредняя школа
_92319340
_3RU\NLR\auth\661387625
686 _aЧ426.41-260.21
702 1 _aСтепанько
_bС. Н.
_gСветлана Николаевна
_4220
712 0 2 _4570
_a"Учитель", издательство
_cВолгоград
_3RU\NLR\AUTH\8810004275
_9505853
801 0 _aRU
_bNLR
_c20061109
_grcr
801 1 _aRU
_bNLR
_c20061109
942 _cBOOK
980 _aNB